Large construction firms say 'go green' to win business (Record no. 81580)

MARC details
000 -LEADER
fixed length control field 01031cad a22002055a 4500
001 - CONTROL NUMBER
control field E147594
008 - FIXED-LENGTH DATA ELEMENTS--GENERAL INFORMATION
fixed length control field 090527e20090508xxk 000 0 eng d
035 ## - SYSTEM CONTROL NUMBER
System control number (Sirsi) u147594
041 0# - LANGUAGE CODE
Language code of text/sound track or separate title eng
110 2# - MAIN ENTRY--CORPORATE NAME
Corporate name or jurisdiction name as entry element Chartered Institute of Building
9 (RLIN) 2134
245 00 - TITLE STATEMENT
Title Large construction firms say 'go green' to win business
Medium [electronic resource]
260 ## - PUBLICATION, DISTRIBUTION, ETC.
Date of publication, distribution, etc. 2009
490 ## - SERIES STATEMENT
Series statement CIOB News Release
Volume/sequential designation 8 May 2009
520 ## - SUMMARY, ETC.
Summary, etc. Reports on research carried out by NetRegs.gov.uk, which suggests that 95% of large construction firms are more likely to appoint subcontractors who can prove they are environmentally responsible, and 87% of large firms have more confidence in subcontractors with such green policies. NetRegs have produced an environmental checklist for subcontractors to help them win business.
590 ## - LOCAL NOTE (RLIN)
Local note KA
651 #4 - SUBJECT ADDED ENTRY--GEOGRAPHIC NAME
Geographic name United Kingdom
Chronological subdivision
690 ## - LOCAL SUBJECT ADDED ENTRY--TOPICAL TERM (OCLC, RLIN)
Topical term or geographic name as entry element BUILT ENVIRONMENT-CONSTRUCTION MARKET
856 40 - ELECTRONIC LOCATION AND ACCESS
Uniform Resource Identifier <a href="https://www.ciob.org.uk/news/view/2069">https://www.ciob.org.uk/news/view/2069</a>
Public note View the news release free of charge at www.ciob.org.uk...
942 ## - ADDED ENTRY ELEMENTS (KOHA)
Suppress in OPAC 0
Holdings
Withdrawn status Lost status Source of classification or shelving scheme Damaged status Not for loan Home library Current library Shelving location Date acquired Total Checkouts Full call number Barcode Date last seen Copy number Price effective from Koha item type
    Dewey Decimal Classification     Virtual Virtual Online 27/05/2009   ONLINE PUBLICATION 147594-2001 06/08/2019 1 06/08/2019 Journal article